000
00301nam a2200133Ia 4500
100
_a
Shivaswamy/Shashishekar
942
_c
BK
366
_f
20
245
_a
Finite element analysis and programming
260
_b
Narosa
_c
2010
082
_a
620.001
_b
SHI
546
_a
ENGLISH
_c
Info.Tech
999
_c
31494
_d
31494